01162nam a22001217a 4500008004100000100002600041245008300067260004600150300003200196520067000228650009600898773004600994220928b ||||| |||| 00| 0 eng d aKakati, Bhaskar Kumar aGaon panchayat, tribal women and their participation: A case of Tiwas of Assam aIndian Journal of Public Administration  a68(2), Jun, 2022: p.285-298 aPanchayati Raj Institutions, the three-tier institutions of local self-governing institutions that stand at the bottom, are found in rural areas in all states of India except in the Sixth Schedule areas formed under the Indian Constitution. The genesis of India’s local governance can be traced back to ancient times. However, these institutions got their present shape and structure after a series of reform studies resulted in several Acts and constitutional amendments. In this article, an attempt has been made to understand and analyse the impact of tribal women’s participation in the local governing institutions among the Tiwas of Assam. – Reproduced  aPRIs, Attendance, Party affiliation, Community affiliation, Patriarchy., Tribal development aIndian Journal of Public Administration